01053nam a2200241 a 4500001001000000003000900010005001700019008004100036040002500077049000900102082001400111245001900125260008200144300002700226490004800253710006600301830005600367942001400423952012700437952011200564952011800676999001700794000031094DO-SdBNP20250310104622.0110613nuuuuuuuudr a 000 | spa d aDO-SdBNPbspacBNPHU aBNPD axxxbA93903aLa autoestima. aSanto Domingo :bFondo Mundial de Lucha Contra el SIDA ;bCOPRESIDA,c[s.f.]. a18 p. :bil. ;c21 cm.1 aJuventud para la civilización del amorv12 aConsejo Presidencial del SIDA (República Dominicana)970981 0aJuventud para la civilización del amor;n1957571 2ddccLBS1 001054708DSaGRbGRcCTd2011-07-13iLF1l0oxxx A939p31094-30r2020-06-25te. 3w2020-06-25yLFDSZPréstamo en sala 0010718PDaPDbPDcHDd2011-06-13iLF1l0oxxx A939p31094-10r2020-06-25w2020-06-25yLFPDZNo se presta 0010718PDaPDbPDcCTd2011-06-13iLF1l0oxxx A939p31094-20r2020-06-25te. 2w2020-06-25yLFPDZNo se presta c30586d30586